| 000 | 01470nam a22002297a 4500 | ||
|---|---|---|---|
| 005 | 20251215162106.0 | ||
| 008 | 251215b ||||fr|||| 00| 0 eng d | ||
| 020 | _a978-9972-2760--3-3 | ||
| 040 |
_aCENDOC CAAAP _bspa _cCAAAP |
||
| 041 | _aspa | ||
| 050 |
_aKHF 3440 _b.D47 |
||
| 110 | 1 |
_95718 _aDerecho Ambiente y Recursos Naturales |
|
| 245 | 1 |
_aDiagnóstico Situacional del Nivel de Cumplimiento de los Compromisos Asumidos por el Gobierno del Perú en el ámbito del Proyecto Camisea / _cDerecho Ambiente y Recursos Naturales |
|
| 250 | _a1ra edición | ||
| 260 | 1 |
_aLima, Perú : _bDerecho Ambiente y Recursos Naturales; _c2007 |
|
| 300 |
_a250 páginas ; _c24 x 17 cm |
||
| 520 | _bEste diagnóstico analiza el nivel de cumplimiento de los compromisos asumidos por el Estado peruano en el marco del Proyecto Camisea. El informe revisa los antecedentes, la metodología aplicada y las dificultades encontradas, además de evaluar los mecanismos de acceso a la información pública. Incluye un análisis detallado del avance de los 21 compromisos, conclusiones y recomendaciones orientadas a fortalecer la transparencia, la gestión ambiental y la rendición de cuentas en proyectos energéticos de gran impacto. | ||
| 650 | 0 |
_93270 _aDerecho ambiental _vPolítica ambiental _zPerú |
|
| 650 | 0 |
_95028 _aGas _vImpacto ambiental _xProyectos energéticos _zPerú |
|
| 856 | _uhttps://dar.org.pe/archivos/publicacion/27_21_compromisos.pdf | ||
| 942 |
_2lcc _bDD - MM - AA |
||
| 999 |
_c4261 _d4261 |
||